000 01131cam a2200337 a 4500
008
020 _a0199630712 (pbk.)
049 _aMAIN
090 _aQP572.P4
_bPEP
245 0 0 _aPeptide hormone action :
_ba practical approach /
_cedited by K. Siddle and J. C. Hutton.
260 _aOxford :
_bIRL Press at Oxford University Press,
_cc1990.
300 _axix, 256 p. :
_bill. ;
_c24 cm.
440 4 _aThe practical approach series.
500 _aIncludes index.
504 _aIncludes bibliographical references.
650 0 _aPeptide hormones
_xResearch
_xMethodology.
650 0 _aPeptide hormones
_xReceptors
_xResearch
_xMethodology.
650 0 _aSecond messengers (Biochemistry)
_xResearch
_xMethodology.
653 _aPolypeptides
650 2 _aHormones
_xanalysis.
650 2 _aHormones
_xphysiology.
650 2 _aPeptides
_xanalysis.
650 2 _aPeptides
_xphysiology.
700 1 _aSiddle, K.
700 1 _aHutton, J. C.
907 _a.b10031625
_b16-04-13
_c17-04-03
003
005 20230123133151.0
040 _cNUST
942 _cBOOKS
_kQP572.P4
_mPEP
999 _c143894
_d143894